Statistics for Lithuania Country Quiz

Click here to take the quiz!

General Stats

  • This quiz has been taken 23,283 times
    (23,209 since last reset)
  • The average score is 14 of 20

Answer Stats

HintAnswer% Correct
Countries which border LithuaniaLatvia
99%
Countries which border LithuaniaRussia
99%
Countries which border LithuaniaPoland
97%
Lithuania declared independence from this country in 1990Soviet Union
96%
Countries which border LithuaniaBelarus
95%
Sea which Lithuania bordersBaltic Sea
94%
Capital cityVilnius
93%
Major international organizations that Lithuania joined in 2004NATO
84%
Major international organizations that Lithuania joined in 2004European Union
83%
Most popular sportBasketball
72%
Lithuania has the second-highest consumption of _____ in the world,
trailing only Moldova
Alcohol
69%
Lithuanian state which existed from 1236–1795, many times larger than modern LithuaniaGrand {Duchy} of
Lithuania
66%
Lithuania was the last ____ nation in Europe, not becoming Christian until 1387Pagan
61%
Vegetable used to make cepelinai, the national dishPotatoes
51%
Pilgrims sometimes travel to a hill in Lithuania on which are placed over 100,000 of theseCrosses
49%
Second most populous cityKaunas
44%
In ancient times, Lithuania traded this orange tree resin substance with the Roman EmpireAmber
43%
National bird of LithuaniaWhite {Stork}
28%
Lithuania fought on both sides of this war from 1700–1721, losing 40% of its populationGreat {Northern} War
26%
In addition to an Easter Bunny, Lithuania has an Easter _____ who delivers eggsGranny
15%

Score Distribution

Percentile by Number Answered

Percent of People with Each Score

Your Score History

You have not taken this quiz since the last reset